Tres estudios romanísticos

Guardat en:
Dades bibliogràfiques
Autor principal: González, Amparo (autor)
Format: Llibre
Idioma:espanyol
Publicat: Madrid, España Universidad Autónoma de Madrid 1983
Matèries:
Etiquetes: Afegir etiqueta
Sense etiquetes, Sigues el primer a etiquetar aquest registre!

MARC

LEADER 00000nam a2200000 a 4500
001 UCR2641
003 CL-VaPUC
005 20210607140957.0
008 980112e19830000SP |||||||||||||||||spa|d
999 |c 265774  |d 265772 
040 |c Pontificia Universidad Católica de Valparaíso 
082 0 4 |a 340.54 GON 1983  |2 21 
100 |a González, Amparo  |e autor  |9 400853 
245 1 0 |a Tres estudios romanísticos 
260 0 3 |a Madrid, España  |b Universidad Autónoma de Madrid  |c 1983 
300 |a 76 páginas 
583 |a last modification  |c 20160105 12:04:25  |k Rodrigo Vera 
650 0 |a Derecho romano  |9 255930 
650 0 |a Ley aquiliana  |2 CL-VaPUC  |9 398360 
650 0 |a Contratos consensuales  |2 CL-VaPUC  |9 398333 
650 0 |a Contratos reales  |2 CL-VaPUC  |9 258716 
942 |c BK  |2 ddc 
945 |d 19980112 00:00:00  |a aolguin 
952 |0 0  |1 0  |4 0  |6 340_540000000000000_GON_1983  |7 0  |8 DER_ROM  |9 296863  |a BIBDER  |b BIBDER  |d 2019-11-20  |i 1931342  |o 340.54 GON 1983  |p 1931342  |r 2023-01-25  |w 2019-11-20  |x Ubicación 4to piso  |y BK  |z Este recurso debe solicitarse con anticipación  |k DER